| 000 | 00669nam a22001577a 4500 | ||
|---|---|---|---|
| 003 | OSt | ||
| 005 | 20150913161007.0 | ||
| 008 | 150913b xxu||||| |||| 00| 0 eng d | ||
| 040 | _cRUA | ||
| 082 | _aAGR HUN 1997 B020 Or.1 | ||
| 100 |
_9410 _aHUN, MUNIN. |
||
| 245 | _aការពិសោធន៍ប្រើប្រាស់ថ្នាំរំញោចលើពូជ GT1, BD5 និង PR107 នៅក្រុមហ៊ុនចំការកៅស៊ូមេមត់ (the experiment on using stimulus with clones gt1, bd5 and pr107 at memot rubber plantation company) | ||
| 260 |
_aPhnom Penh _bRUA _c1997 |
||
| 300 |
_a99p. _bill. _c29cm. |
||
| 942 |
_2ddc _cAGR |
||
| 999 |
_c389 _d389 |
||